Statistics for US States Bordering an "O-State"

Click here to take the quiz!

General Stats

  • This quiz has been taken 100 times
  • The average score is 14 of 15

Answer Stats

HintAnswer% Correct
OregonCalifornia
98%
Texas
98%
Washington
98%
Idaho
97%
OhioIndiana
94%
Nevada
94%
Kansas
92%
Missouri
92%
Michigan
91%
Pennsylvania
90%
OklahomaArkansas
89%
Kentucky
89%
Colorado
88%
West Virginia
80%
New Mexico
73%

Score Distribution

Percentile by Number Answered

Percent of People with Each Score

Your Score History

You have not taken this quiz